000
00306nam a22001217a 4500
020
_a
0-538-33530-0
082
_a
621.381 BAD'E
100
_a
BADRKHAN, KAMIRSON S
_9
65422
245
_a
ELECTRONICS , PRINCIPLES AND APPLICATION
260
_a
CINCINNATI
_b
SOUTH WESTERN
_c
1984
300
_a
628P
942
_c
BK
999
_c
573637
_d
573637